Je smrt školou povinná...?! : rozhovory, články, vzpomínky, kontakty
Record details
- ISBN: 978-80-88455-17-2
- Physical Description: 75 stran : ilustrace (některé barevné), portréty ; 24 cm
- Publisher: V Praze : Cesta domů, 2023
Content descriptions
| General Note: | Název z obálky |
| Bibliography, etc. Note: | Obsahuje bibliografii a bibliografické odkazy |
| Language Note: | Částečně souběžný anglický text |
Search for related items by subject
| Subject: | umírání smrt ztráta blízké osoby pozůstalí truchlení pomáhající chování učitel a žák dying death mourners bereavement mourning helping behavior teacher and learner |
| Genre: | rozhovory vzpomínky příběhy příručky interviews reminiscences stories handbooks and manuals |
Available copies
- 1 of 1 copy available at Common Catalog SPOK.
Holds
- 0 current holds with 1 total copy.
Show Only Available Copies
| Location | Call Number / Copy Notes | Barcode | Shelving Location | Status | Due Date |
|---|---|---|---|---|---|
| Jabok Library | ET-8.5/J | 424480046366 | Odborná literatura | Available | - |
| LDR | 02293nam a2200697 i 4500 | ||
|---|---|---|---|
| 001 | 57803 | ||
| 003 | CZ-PrJAB | ||
| 005 | 20240322074341.0 | ||
| 007 | ta | ||
| 008 | 231225s2023 xr ac e f 000 0dcze | ||
| 015 | . | ‡acnb003579966 | |
| 020 | . | ‡a978-80-88455-17-2 ‡q(brožováno) : ‡cneprodejné | |
| 035 | . | ‡a(CZ PrNK)nkc20233579966 | |
| 035 | . | ‡a(OCoLC)1429250095 | |
| 040 | . | ‡aBOA001 ‡bcze ‡erda | |
| 041 | 1 | . | ‡acze ‡aeng ‡hcze |
| 072 | 7. | ‡a37 ‡xVýchova a vzdělávání ‡2Konspekt ‡922 | |
| 080 | . | ‡a616-036.887 ‡2MRF | |
| 080 | . | ‡a612.013 ‡2MRF | |
| 080 | . | ‡a364.642.8 ‡2MRF | |
| 080 | . | ‡a316.356.2-055.5/.7 ‡2MRF | |
| 080 | . | ‡a159.942.4/.5:364.642.8 ‡2MRF | |
| 080 | . | ‡a364-787 ‡2MRF | |
| 080 | . | ‡a37.064.2 ‡2MRF | |
| 080 | . | ‡a(047.53) ‡2MRF | |
| 080 | . | ‡a(0:82-94) ‡2MRF | |
| 080 | . | ‡a(0:82-32) ‡2MRF | |
| 080 | . | ‡a(035) ‡2MRF | |
| 245 | 0 | 0. | ‡aJe smrt školou povinná...?! : ‡brozhovory, články, vzpomínky, kontakty |
| 264 | 1. | ‡aV Praze : ‡bCesta domů, ‡c2023 | |
| 300 | . | ‡a75 stran : ‡bilustrace (některé barevné), portréty ; ‡c24 cm | |
| 336 | . | ‡atext ‡btxt ‡2rdacontent | |
| 337 | . | ‡abez média ‡bn ‡2rdamedia | |
| 338 | . | ‡asvazek ‡bnc ‡2rdacarrier | |
| 500 | . | ‡aNázev z obálky | |
| 504 | . | ‡aObsahuje bibliografii a bibliografické odkazy | |
| 546 | . | ‡aČástečně souběžný anglický text | |
| 650 | 0 | 7. | ‡aumírání ‡7ph126927 ‡2czenas |
| 650 | 0 | 7. | ‡asmrt ‡7ph116193 ‡2czenas |
| 650 | 0 | 7. | ‡aztráta blízké osoby ‡7ph868604 ‡2czenas |
| 650 | 0 | 7. | ‡apozůstalí ‡7ph741850 ‡2czenas |
| 650 | 0 | 7. | ‡atruchlení ‡7ph868602 ‡2czenas |
| 650 | 0 | 7. | ‡apomáhající chování ‡7ph124334 ‡2czenas |
| 650 | 0 | 7. | ‡aučitel a žák ‡7ph126980 ‡2czenas |
| 650 | 0 | 9. | ‡adying ‡2eczenas |
| 650 | 0 | 9. | ‡adeath ‡2eczenas |
| 650 | 0 | 9. | ‡amourners ‡2eczenas |
| 650 | 0 | 9. | ‡abereavement ‡2eczenas |
| 650 | 0 | 9. | ‡amourning ‡2eczenas |
| 650 | 0 | 9. | ‡ahelping behavior ‡2eczenas |
| 650 | 0 | 9. | ‡ateacher and learner ‡2eczenas |
| 655 | 7. | ‡arozhovory ‡7fd133303 ‡2czenas | |
| 655 | 7. | ‡avzpomínky ‡7fd133830 ‡2czenas | |
| 655 | 7. | ‡apříběhy ‡7fd133204 ‡2czenas | |
| 655 | 7. | ‡apříručky ‡7fd133209 ‡2czenas | |
| 655 | 9. | ‡ainterviews ‡2eczenas | |
| 655 | 9. | ‡areminiscences ‡2eczenas | |
| 655 | 9. | ‡astories ‡2eczenas | |
| 655 | 9. | ‡ahandbooks and manuals ‡2eczenas | |
| 910 | . | ‡aABG312 | |
| 995 | . | ‡aska | |
| 901 | . | ‡a57803 ‡bAUTOGEN ‡c57803 ‡tbiblio | |